[Event "20. Obert Int. Sant Marti 2018 - B"]
[Site "Barcelona ESP"]
[Date "2018.07.17"]
[Round "5.42"]
[White "Corominas Garrido, Antonio"]
[Black "Jimenez Molina, Victor"]
[Result "0-1"]
[WhiteElo "1798"]
[BlackElo "1710"]
[PlyCount "96"]
[EventDate "2018.07.13"]
[EventType "swiss"]
[EventRounds "9"]
[EventCountry "ESP"]
[SourceTitle "Ajedrez en Madrid"]
[Source "lmi"]
[SourceDate "2018.07.13"]
[SourceVersion "1"]
[SourceVersionDate "2019.06.21"]
[SourceQuality "1"]

1. c4 Nf6 2. Nc3 e5 3. g3 Bc5 4. Bg2 Nc6 5. d3 O-O 6. Nf3 d6 7. O-O a6 8. Bg5
h6 9. Bxf6 Qxf6 10. Ne4 Qe7 11. Nxc5 dxc5 12. Nd2 Nd4 13. e3 Ne6 14. Ne4 Rb8
15. Qc2 f5 16. Nc3 f4 17. exf4 exf4 18. Rfe1 f3 19. Bf1 Qg5 20. Nd5 c6 21. Nb6
Nd4 22. Qc1 Qh5 23. Nxc8 Rbxc8 24. Re4 Rce8 25. Qd2 Ne2+ 26. Bxe2 fxe2 27. g4
Rxe4 28. gxh5 Rg4+ 29. Kh1 Rxf2 30. Qe1 Rgg2 31. Qxf2 Rxf2 32. Kg1 e1=Q+ 33.
Rxe1 Rxb2 34. Re7 Rxa2 35. Rxb7 a5 36. Rc7 a4 37. Rxc6 a3 38. Ra6 Ra1+ 39. Kg2
a2 40. Kh3 Kf7 41. Kh4 Ke7 42. Kh3 Rd1 43. Rxa2 Rxd3+ 44. Kg2 Rc3 45. Ra4 Kf6
46. Ra6+ Kf5 47. Rg6 Rxc4 48. Rxg7 Rg4+ 0-1

[Event "20. Obert Int. Sant Marti 2018 - B"]
[Site "Barcelona ESP"]
[Date "2018.07.17"]
[Round "5.43"]
[White "Munoz Lozano, Jorge Manuel"]
[Black "Santolaria Pena, M."]
[Result "1-0"]
[WhiteElo "1787"]
[BlackElo "1694"]
[PlyCount "78"]
[EventDate "2018.07.13"]
[EventType "swiss"]
[EventRounds "9"]
[EventCountry "ESP"]
[SourceTitle "Ajedrez en Madrid"]
[Source "lmi"]
[SourceDate "2018.07.13"]
[SourceVersion "1"]
[SourceVersionDate "2019.06.21"]
[SourceQuality "1"]

1. g3 d5 2. Bg2 c6 3. Nf3 Bf5 4. d4 Nd7 5. O-O Ngf6 6. c4 e6 7. Nc3 Be7 8. Qb3
Qc8 9. cxd5 exd5 10. Bd2 O-O 11. Rac1 Ne4 12. Nxd5 Bd8 13. Bf4 h6 14. Ne3 Bg6
15. Bh3 Kh8 16. Nc4 Bc7 17. Bxd7 Qxd7 18. Qxb7 Rfc8 19. Nce5 Qe8 20. Nxc6 Qd7
21. Nce5 Qf5 22. Nxg6+ fxg6 23. Rxc7 Rcb8 24. Qc6 Rf8 25. Nh4 Qf6 26. Nxg6+ Kg8
27. Qxe4 Rae8 28. Qc2 Rf7 29. Ne5 Rfe7 30. Rc1 g5 31. Be3 Kg7 32. Ng4 Qe6 33.
h3 h5 34. d5 Qxd5 35. Qc3+ Kg6 36. Qf6+ Kh7 37. Rxe7+ Rxe7 38. Qxe7+ Kg6 39.
Qf6+ Kh7 1-0

[Event "20. Obert Int. Sant Marti 2018 - B"]
[Site "Barcelona ESP"]
[Date "2018.07.17"]
[Round "5.44"]
[White "Grao Amaya, Rafael"]
[Black "Bellpuig Mencos, Gerard"]
[Result "1/2-1/2"]
[WhiteElo "1767"]
[BlackElo "1606"]
[PlyCount "118"]
[EventDate "2018.07.13"]
[EventType "swiss"]
[EventRounds "9"]
[EventCountry "ESP"]
[SourceTitle "Ajedrez en Madrid"]
[Source "lmi"]
[SourceDate "2018.07.13"]
[SourceVersion "1"]
[SourceVersionDate "2019.06.21"]
[SourceQuality "1"]

1. d4 Nf6 2. Bf4 e6 3. e3 c5 4. c3 Qb6 5. Qc2 d5 6. Be2 Nc6 7. Nd2 Bd7 8. Ngf3
Nh5 9. Bg3 Nxg3 10. hxg3 h6 11. g4 cxd4 12. exd4 Rc8 13. Qb3 Qc7 14. g5 g6 15.
g3 Bg7 16. gxh6 Rxh6 17. Rxh6 Bxh6 18. O-O-O b5 19. Kb1 Na5 20. Qc2 b4 21. Rc1
bxc3 22. bxc3 Bf8 23. Ne5 Ba3 24. Rh1 Qxc3 25. Rh8+ Ke7 26. Rxc8 Qxc8 27. Nb3
Qxc2+ 28. Kxc2 Ba4 29. Kc3 Nc6 30. Nd3 Kd6 31. Nbc5 Bb5 32. Nb7+ Kc7 33. Nbc5
Bc4 34. Nb3 a5 35. Bd1 Nb4 36. Ne5 Nxa2+ 37. Kc2 Nb4+ 38. Kd2 Nc6 39. Nxc6 Kxc6
40. Nxa5+ Kb5 41. Nb7 Bb2 42. Ke3 Bc1+ 43. Kf3 f5 44. Nd8 Bd3 45. Nxe6 Be4+ 46.
Ke2 Kc4 47. f3 Bd3+ 48. Kf2 Bb2 49. Ke3 Bc1+ 50. Kf2 Kc3 51. Ba4 g5 52. Bc6 Bc4
53. f4 gxf4 54. gxf4 Kd2 55. Kg3 Ke3 56. Kh4 Kf3 57. Kg5 Ke4 58. Bd7 Be3 59.
Bc8 Bxf4+ 1/2-1/2

[Event "20. Obert Int. Sant Marti 2018 - B"]
[Site "Barcelona ESP"]
[Date "2018.07.17"]
[Round "5.45"]
[White "Barrot Farre, Salvador"]
[Black "Martin Arranz, Lluis"]
[Result "1-0"]
[WhiteElo "1760"]
[BlackElo "1582"]
[PlyCount "91"]
[EventDate "2018.07.13"]
[EventType "swiss"]
[EventRounds "9"]
[EventCountry "ESP"]
[SourceTitle "Ajedrez en Madrid"]
[Source "lmi"]
[SourceDate "2018.07.13"]
[SourceVersion "1"]
[SourceVersionDate "2019.06.21"]
[SourceQuality "1"]

1. b3 e6 2. Bb2 d5 3. e3 Nf6 4. c4 c5 5. cxd5 exd5 6. Nf3 Nc6 7. d4 Bg4 8. dxc5
Bxc5 9. Be2 Bb4+ 10. Nbd2 Ne4 11. O-O Nxd2 12. Nxd2 Bxe2 13. Qxe2 Qg5 14. Nf3
Qg6 15. Qb5 O-O 16. Qxb7 a5 17. Rac1 Na7 18. Qxd5 Rfd8 19. Qg5 Qxg5 20. Nxg5
Rd2 21. Rb1 Rc8 22. Nf3 Re2 23. Nd4 Rd2 24. Rfd1 Rd8 25. Rxd2 Bxd2 26. Kf1 Bb4
27. Rc1 Nc8 28. Nc6 Re8 29. Nxb4 axb4 30. Rc4 f5 31. Rxb4 Nd6 32. a4 Rc8 33.
Bd4 Ne4 34. f3 Nd2+ 35. Ke1 Nb1 36. a5 Na3 37. Rb7 f4 38. Rxg7+ Kf8 39. Rxh7
Rc1+ 40. Kd2 Rg1 41. exf4 Rxg2+ 42. Kd3 Nb1 43. a6 Rd2+ 44. Ke4 Re2+ 45. Kf5
Ra2 46. a7 1-0

[Event "20. Obert Int. Sant Marti 2018 - B"]
[Site "Barcelona ESP"]
[Date "2018.07.17"]
[Round "5.46"]
[White "Caballero Ortin, Jorge"]
[Black "Martinez Hernandez, Emili"]
[Result "1-0"]
[WhiteElo "1628"]
[BlackElo "1750"]
[PlyCount "55"]
[EventDate "2018.07.13"]
[EventType "swiss"]
[EventRounds "9"]
[EventCountry "ESP"]
[SourceTitle "Ajedrez en Madrid"]
[Source "lmi"]
[SourceDate "2018.07.13"]
[SourceVersion "1"]
[SourceVersionDate "2019.06.21"]
[SourceQuality "1"]

1. e4 e6 2. d4 d5 3. Bd3 c5 4. exd5 Qxd5 5. Nc3 Qxd4 6. Nb5 Qe5+ 7. Ne2 Na6 8.
Bf4 Qxb2 9. Rb1 Qf6 10. Nd6+ Bxd6 11. Bb5+ Kf8 12. Bxd6+ Ne7 13. Be5 Nd5 14.
Bxf6 gxf6 15. Bxa6 bxa6 16. c4 Nb6 17. Qd6+ Kg7 18. Qg3+ Kf8 19. Rd1 Bd7 20.
Qc7 Rc8 21. Qxa7 Ba4 22. Qxb6 Bxd1 23. Kxd1 Kg7 24. Kc2 Rb8 25. Qc7 Rhd8 26.
Rd1 Rg8 27. Rd7 Rgf8 28. Nf4 1-0

[Event "20. Obert Int. Sant Marti 2018 - B"]
[Site "Barcelona ESP"]
[Date "2018.07.17"]
[Round "5.47"]
[White "Ruiz Puerta, Jon Ander"]
[Black "Serentill Tost, Eduard"]
[Result "1/2-1/2"]
[WhiteElo "1616"]
[BlackElo "1745"]
[PlyCount "64"]
[EventDate "2018.07.13"]
[EventType "swiss"]
[EventRounds "9"]
[EventCountry "ESP"]
[SourceTitle "Ajedrez en Madrid"]
[Source "lmi"]
[SourceDate "2018.07.13"]
[SourceVersion "1"]
[SourceVersionDate "2019.06.21"]
[SourceQuality "1"]

1. d4 Nf6 2. Nf3 g6 3. Bf4 Bg7 4. e3 O-O 5. Be2 d6 6. h3 Nbd7 7. c3 b6 8. O-O
Bb7 9. Nbd2 Re8 10. Nc4 c5 11. Qb3 Bd5 12. Qc2 a6 13. a4 Rc8 14. Ncd2 cxd4 15.
exd4 e5 16. dxe5 dxe5 17. Bh2 e4 18. Nd4 Nc5 19. b4 Nd3 20. Bxd3 exd3 21. Qxd3
Ne4 22. Nxe4 Bxe4 23. Qd2 Rxc3 24. Qxc3 Bxd4 25. Qc7 Qxc7 26. Bxc7 Bxa1 27.
Rxa1 Re6 28. a5 b5 29. Bb6 Bd3 30. Rc1 Bc4 31. Rd1 Re8 32. Rd7 Ra8 1/2-1/2

[Event "20. Obert Int. Sant Marti 2018 - B"]
[Site "Barcelona ESP"]
[Date "2018.07.17"]
[Round "5.48"]
[White "Morales Mendizabal, Pere"]
[Black "Riera Mestres, Josep"]
[Result "1/2-1/2"]
[WhiteElo "1742"]
[BlackElo "1565"]
[PlyCount "75"]
[EventDate "2018.07.13"]
[EventType "swiss"]
[EventRounds "9"]
[EventCountry "ESP"]
[SourceTitle "Ajedrez en Madrid"]
[Source "lmi"]
[SourceDate "2018.07.13"]
[SourceVersion "1"]
[SourceVersionDate "2019.06.21"]
[SourceQuality "1"]

1. d4 Nf6 2. f4 g6 3. Nf3 Bg7 4. Nbd2 d6 5. e3 O-O 6. Bd3 c5 7. c3 b6 8. Qe2 a5
9. O-O Na6 10. b3 e6 11. Bb2 Bb7 12. Rac1 Nc7 13. c4 Re8 14. e4 cxd4 15. Bxd4
Na6 16. Bb1 Rc8 17. e5 dxe5 18. Bxe5 Re7 19. Ng5 Nc5 20. Rcd1 Rd7 21. Nde4 Bxe4
22. Rxd7 Qxd7 23. Nxe4 Nfxe4 24. Bxg7 Kxg7 25. Rd1 Qc6 26. Qb2+ f6 27. Qd4 Kf7
28. a3 f5 29. b4 axb4 30. axb4 Nb7 31. Bxe4 fxe4 32. Qd7+ Kg8 33. Qxc6 Rxc6 34.
Rd7 Nd6 35. b5 Rxc4 36. Rxd6 Kf7 37. Rxb6 e3 38. Kf1 1/2-1/2

[Event "20. Obert Int. Sant Marti 2018 - B"]
[Site "Barcelona ESP"]
[Date "2018.07.17"]
[Round "5.49"]
[White "Low, Ethan"]
[Black "Sans Bascu, Joaquin"]
[Result "1-0"]
[WhiteElo "1741"]
[BlackElo "1556"]
[PlyCount "85"]
[EventDate "2018.07.13"]
[EventType "swiss"]
[EventRounds "9"]
[EventCountry "ESP"]
[SourceTitle "Ajedrez en Madrid"]
[Source "lmi"]
[SourceDate "2018.07.13"]
[SourceVersion "1"]
[SourceVersionDate "2019.06.21"]
[SourceQuality "1"]

1. e4 e5 2. Nf3 Nc6 3. Bb5 Nf6 4. d3 d6 5. Nbd2 Bd7 6. c3 Be7 7. O-O O-O 8. Re1
a6 9. Ba4 Ne8 10. d4 b5 11. Bc2 Bg4 12. d5 Na5 13. b3 Qc8 14. h3 Bh5 15. Bd3 c6
16. c4 Nb7 17. Ba3 c5 18. Nf1 b4 19. Bc1 Bg6 20. Ng3 Qd8 21. Nf5 Nf6 22. N3h4
Nd7 23. Nxe7+ Qxe7 24. Nf5 Bxf5 25. exf5 f6 26. Re4 a5 27. Rh4 Rf7 28. Qh5 Nf8
29. Be4 a4 30. Rb1 axb3 31. axb3 Ra2 32. g4 h6 33. Be3 Nd8 34. Kh1 Qa7 35. Rg1
Ra1 36. g5 Rxg1+ 37. Kxg1 Qd7 38. g6 Re7 39. Bxh6 gxh6 40. Qxh6 Rh7 41. gxh7+
Nxh7 42. Qg6+ Qg7 43. Rxh7 1-0

[Event "20. Obert Int. Sant Marti 2018 - B"]
[Site "Barcelona ESP"]
[Date "2018.07.17"]
[Round "5.50"]
[White "Fungueirino Pique, Daniel"]
[Black "Cassi De La Viuda, Alex"]
[Result "1-0"]
[WhiteElo "1740"]
[BlackElo "1489"]
[PlyCount "45"]
[EventDate "2018.07.13"]
[EventType "swiss"]
[EventRounds "9"]
[EventCountry "ESP"]
[SourceTitle "Ajedrez en Madrid"]
[Source "lmi"]
[SourceDate "2018.07.13"]
[SourceVersion "1"]
[SourceVersionDate "2019.06.21"]
[SourceQuality "1"]

1. d4 d5 2. Nf3 c6 3. Bf4 Nf6 4. h3 Nbd7 5. e3 e6 6. Be2 Qb6 7. Qc1 Be7 8. O-O
O-O 9. c4 c5 10. Nc3 cxd4 11. exd4 dxc4 12. Bxc4 Qb4 13. Bb3 b6 14. Qd1 Bb7 15.
a3 Qa5 16. Rc1 Qf5 17. Qd2 Bxf3 18. gxf3 Qh5 19. Kh2 Qxf3 20. Bd1 Qb7 21. Rg1
Nd5 22. Bf3 Kh8 23. Nxd5 1-0

[Event "20. Obert Int. Sant Marti 2018 - B"]
[Site "Barcelona ESP"]
[Date "2018.07.17"]
[Round "5.51"]
[White "Peter, Louis-Alexis"]
[Black "Mercader Rubio, Luis"]
[Result "1-0"]
[WhiteElo "1558"]
[BlackElo "1732"]
[PlyCount "73"]
[EventDate "2018.07.13"]
[EventType "swiss"]
[EventRounds "9"]
[EventCountry "ESP"]
[SourceTitle "Ajedrez en Madrid"]
[Source "lmi"]
[SourceDate "2018.07.13"]
[SourceVersion "1"]
[SourceVersionDate "2019.06.21"]
[SourceQuality "1"]

1. e4 c5 2. Nf3 e6 3. d4 cxd4 4. Nxd4 a6 5. Nc3 Qc7 6. Be3 Nf6 7. a3 b5 8. f3
Bb7 9. Bd3 b4 10. Nce2 Nc6 11. O-O Be7 12. c3 bxa3 13. bxa3 Ne5 14. Bc2 Nc4 15.
Bc1 Bc5 16. Kh1 h5 17. Bb3 Ne5 18. Be3 Ke7 19. Bf4 Bd6 20. Qd2 Rag8 21. Rad1 h4
22. g3 hxg3 23. Nxg3 Nh5 24. Ndf5+ Kf8 25. Nxd6 Nxf4 26. Qxf4 f6 27. Nc4 Ke7
28. Nxe5 fxe5 29. Qg5+ Kf7 30. f4 exf4 31. Rxf4+ Ke8 32. Qg6+ Kd8 33. Bxe6
Rxh2+ 34. Kxh2 Rh8+ 35. Kg2 Kc8 36. Rxd7 Bxe4+ 37. Qxe4 1-0

[Event "20. Obert Int. Sant Marti 2018 - B"]
[Site "Barcelona ESP"]
[Date "2018.07.17"]
[Round "5.53"]
[White "Cabrera Marmol, Manuel"]
[Black "Vargas Rodriguez, Gabriel"]
[Result "1-0"]
[WhiteElo "1714"]
[BlackElo "1448"]
[PlyCount "69"]
[EventDate "2018.07.13"]
[EventType "swiss"]
[EventRounds "9"]
[EventCountry "ESP"]
[SourceTitle "Ajedrez en Madrid"]
[Source "lmi"]
[SourceDate "2018.07.13"]
[SourceVersion "1"]
[SourceVersionDate "2019.06.21"]
[SourceQuality "1"]

1. e4 e5 2. d4 exd4 3. c3 d5 4. exd5 Qxd5 5. cxd4 Nc6 6. Nf3 Bb4+ 7. Nc3 Bg4 8.
Be2 Bxf3 9. Bxf3 Qd7 10. O-O O-O-O 11. Qa4 Bxc3 12. bxc3 a6 13. Be3 Nge7 14.
Rab1 Nd5 15. Rb3 Nb6 16. Qa3 Nc4 17. Qc5 Nb6 18. Rfb1 Qd6 19. Qf5+ Qd7 20. Qc2
Qe6 21. Be4 g6 22. Bf4 f5 23. Bd3 Rde8 24. Bxc7 Nd5 25. Be5 Nxe5 26. dxe5 Re7
27. Qb2 Qc6 28. c4 Nf4 29. Bf1 h5 30. Rb6 Qc7 31. g3 Ne6 32. Bg2 Nc5 33. Rxg6
Rxe5 34. f4 Ree8 35. Rg7 1-0

[Event "20. Obert Int. Sant Marti 2018 - B"]
[Site "Barcelona ESP"]
[Date "2018.07.17"]
[Round "5.55"]
[White "Riera Danes, Manel"]
[Black "Jimenez Rimblas, Raul"]
[Result "1-0"]
[WhiteElo "1938"]
[BlackElo "1313"]
[PlyCount "91"]
[EventDate "2018.07.13"]
[EventType "swiss"]
[EventRounds "9"]
[EventCountry "ESP"]
[SourceTitle "Ajedrez en Madrid"]
[Source "lmi"]
[SourceDate "2018.07.13"]
[SourceVersion "1"]
[SourceVersionDate "2019.06.21"]
[SourceQuality "1"]

1. e4 g6 2. d4 Bg7 3. Nc3 d6 4. Be3 Nf6 5. f3 O-O 6. Qd2 Nbd7 7. O-O-O b6 8.
Bh6 c5 9. Bxg7 Kxg7 10. h4 cxd4 11. Qxd4 Nc5 12. g4 Ne6 13. Qe3 h5 14. e5 Nh7
15. gxh5 gxh5 16. Bd3 Rg8 17. Nh3 Nc5 18. Ng5 Nxd3+ 19. Qxd3 Nxg5 20. hxg5 e6
21. Rxh5 d5 22. Ne4 dxe4 23. Qxd8 Rxd8 24. Rxd8 exf3 25. Rh6 Bb7 26. Rxa8 Bxa8
27. Rf6 Be4 28. c3 Bf5 29. Kd2 Be4 30. Ke3 Bd5 31. Kd4 a6 32. c4 Bc6 33. b4 Bb7
34. a4 Bc6 35. b5 axb5 36. axb5 Bb7 37. Ke3 Ba8 38. Kd4 Bb7 39. c5 bxc5+ 40.
Kxc5 Be4 41. Rf4 Bd5 42. Kd4 Kg6 43. Ke3 Bc4 44. b6 Bd5 45. Rxf3 Bxf3 46. Kxf3
1-0

[Event "20. Obert Int. Sant Marti 2018 - B"]
[Site "Barcelona ESP"]
[Date "2018.07.17"]
[Round "5.56"]
[White "Bayarri Ponsa, Eduard"]
[Black "Ankit, Dalal"]
[Result "0-1"]
[WhiteElo "1754"]
[BlackElo "1591"]
[PlyCount "86"]
[EventDate "2018.07.13"]
[EventType "swiss"]
[EventRounds "9"]
[EventCountry "ESP"]
[SourceTitle "Ajedrez en Madrid"]
[Source "lmi"]
[SourceDate "2018.07.13"]
[SourceVersion "1"]
[SourceVersionDate "2019.06.21"]
[SourceQuality "1"]

1. e4 e6 2. d4 f5 3. e5 c5 4. c3 Nc6 5. Nf3 d5 6. exd6 Bxd6 7. dxc5 Bxc5 8.
Qxd8+ Nxd8 9. Bb5+ Bd7 10. Bxd7+ Kxd7 11. O-O Nf6 12. Ne5+ Ke7 13. Bg5 Nf7 14.
Bxf6+ gxf6 15. Nxf7 Kxf7 16. Nd2 Rad8 17. Nb3 Bb6 18. Rfd1 e5 19. a4 Rxd1+ 20.
Rxd1 Rd8 21. Rxd8 Bxd8 22. Kf1 b6 23. Ke2 Ke6 24. c4 Be7 25. f3 h5 26. Kd3 Bb4
27. Na1 Kd6 28. Nc2 Bc5 29. h3 h4 30. b4 Bf2 31. Ke2 Bg1 32. Kf1 Bd4 33. Ke2 a5
34. Kd3 Bf2 35. bxa5 bxa5 36. Kc3 Kc5 37. Kd3 Bg1 38. Na1 Kb4 39. Nc2+ Kxa4 40.
Kc3 Bf2 41. Kd3 Kb3 42. Na1+ Kb2 43. Nc2 a4 0-1

[Event "20. Obert Int. Sant Marti 2018 - B"]
[Site "Barcelona ESP"]
[Date "2018.07.17"]
[Round "5.57"]
[White "Subirana Santos, Marc"]
[Black "Pascual Gonzalez-Novelles, David"]
[Result "1-0"]
[WhiteElo "1743"]
[BlackElo "1587"]
[PlyCount "95"]
[EventDate "2018.07.13"]
[EventType "swiss"]
[EventRounds "9"]
[EventCountry "ESP"]
[SourceTitle "Ajedrez en Madrid"]
[Source "lmi"]
[SourceDate "2018.07.13"]
[SourceVersion "1"]
[SourceVersionDate "2019.06.21"]
[SourceQuality "1"]

1. d4 d5 2. Nf3 Nc6 3. e3 Nf6 4. Bd3 g6 5. O-O Bg7 6. a3 O-O 7. Nbd2 Nd7 8. c4
dxc4 9. Bxc4 e5 10. dxe5 Ndxe5 11. Ba2 Nxf3+ 12. Nxf3 Qf6 13. h3 Bf5 14. Qb3 b6
15. Qc4 Rad8 16. e4 Ne5 17. Nxe5 Qxe5 18. exf5 Rd4 19. Qc2 Re4 20. Be3 c5 21.
Rad1 Re8 22. fxg6 hxg6 23. Rd5 Qxb2 24. Qxb2 Bxb2 25. Rd7 R8e7 26. Rxe7 Rxe7
27. a4 Re4 28. Bh6 Rxa4 29. Bd5 Bg7 30. Bc6 Rd4 31. Bxg7 Kxg7 32. Re1 a5 33.
Re7 Kf6 34. Rb7 Rb4 35. Be8 a4 36. Rxf7+ Ke6 37. Ra7 Kf6 38. Bxa4 Rb1+ 39. Kh2
Ra1 40. Ra6 Ke5 41. Bb5 Rxa6 42. Bxa6 Kd4 43. Kg1 c4 44. Kf1 Kc3 45. Ke1 Kb3
46. Kd1 Kb4 47. Kc2 b5 48. g4 1-0

[Event "20. Obert Int. Sant Marti 2018 - B"]
[Site "Barcelona ESP"]
[Date "2018.07.17"]
[Round "5.58"]
[White "Tortosa Moros, Joan"]
[Black "Gibert Juan, Ramon"]
[Result "1-0"]
[WhiteElo "1741"]
[BlackElo "1567"]
[PlyCount "132"]
[EventDate "2018.07.13"]
[EventType "swiss"]
[EventRounds "9"]
[EventCountry "ESP"]
[SourceTitle "Ajedrez en Madrid"]
[Source "lmi"]
[SourceDate "2018.07.13"]
[SourceVersion "1"]
[SourceVersionDate "2019.06.21"]
[SourceQuality "1"]

1. e4 e5 2. Nf3 Nc6 3. Bb5 d6 4. c3 a6 5. Ba4 Nf6 6. d3 h6 7. h3 Be7 8. O-O O-O
9. Re1 b5 10. Bc2 b4 11. Ba4 Nb8 12. cxb4 Bd7 13. Bxd7 Nbxd7 14. Nc3 c6 15. a3
Rb8 16. d4 Nh7 17. dxe5 dxe5 18. Qa4 Qb6 19. Be3 Qb7 20. Rad1 f6 21. Qb3+ Kh8
22. Qe6 Rfe8 23. Qxd7 Qa8 24. Qa7 Qxa7 25. Bxa7 Rb7 26. Be3 a5 27. b5 cxb5 28.
Nd5 Bd8 29. Nh4 Nf8 30. Nf5 Re6 31. Rc1 Rb8 32. Nc7 Bxc7 33. Rxc7 Rd8 34. Nxg7
Red6 35. Bxh6 a4 36. Nf5 Rd1 37. Rxd1 Rxd1+ 38. Kh2 Ne6 39. Re7 Nc5 40. Nh4 Rd7
41. Rxd7 Nxd7 42. Nf5 Nc5 43. Bg7+ Kg8 44. Bxf6 Nxe4 45. Bxe5 Nxf2 46. Nd6 Nd3
47. Bc3 Nc5 48. Nxb5 Kf7 49. Bd4 Nb3 50. Bc3 Kg6 51. Kg3 Kh5 52. Nd4 Nc5 53.
Nf3 Ne4+ 54. Kf4 Nf2 55. g4+ Kh6 56. h4 Nd3+ 57. Kf5 Nf2 58. g5+ Kh5 59. g6 Ng4
60. g7 Nh6+ 61. Kf6 Kg4 62. Kg6 Ng8 63. Kf7 Nh6+ 64. Kf8 Kxf3 65. g8=Q Nxg8 66.
Kxg8 Kg4 1-0

[Event "20. Obert Int. Sant Marti 2018 - B"]
[Site "Barcelona ESP"]
[Date "2018.07.17"]
[Round "5.59"]
[White "Climent Vidal, Pere"]
[Black "Llopis Jordan, Lluis"]
[Result "1-0"]
[WhiteElo "1441"]
[BlackElo "1683"]
[PlyCount "105"]
[EventDate "2018.07.13"]
[EventType "swiss"]
[EventRounds "9"]
[EventCountry "ESP"]
[SourceTitle "Ajedrez en Madrid"]
[Source "lmi"]
[SourceDate "2018.07.13"]
[SourceVersion "1"]
[SourceVersionDate "2019.06.21"]
[SourceQuality "1"]

1. b4 f5 2. Bb2 e6 3. a3 Nf6 4. c4 c6 5. e3 d5 6. cxd5 cxd5 7. Nf3 Bd6 8. g3
Nbd7 9. Ng5 Nb6 10. d3 Bd7 11. Nc3 O-O 12. Bg2 Qe8 13. O-O a5 14. bxa5 Rxa5 15.
Qd2 Qa8 16. Nb1 Na4 17. Rc1 Nc5 18. Rc3 Rb5 19. Qc2 Qa4 20. Nd2 Qxc2 21. Rxc2
Nxd3 22. Rb1 h6 23. Ngf3 Ne4 24. Bf1 Nexf2 25. Ne1 Rxb2 26. Rcxb2 Nxb2 27. Kxf2
Bxa3 28. Nc2 Nd1+ 29. Rxd1 Bc5 30. Rb1 Bc6 31. Nd4 Bxd4 32. exd4 Ra8 33. Bb5
Kf7 34. Rb2 g5 35. Nf3 Kf6 36. Ne5 Bxb5 37. Rxb5 Ra4 38. Ke3 f4+ 39. gxf4 gxf4+
40. Kd3 Ra3+ 41. Ke2 Kf5 42. Rxb7 Ke4 43. Re7 Kxd4 44. Nf3+ Rxf3 45. Kxf3 e5
46. Rh7 Kd3 47. Rxh6 e4+ 48. Kxf4 d4 49. Rh3+ e3 50. Rh8 e2 51. Re8 Kd2 52. Kf3
d3 53. Kf2 1-0

[Event "20. Obert Int. Sant Marti 2018 - B"]
[Site "Barcelona ESP"]
[Date "2018.07.17"]
[Round "5.60"]
[White "Cabrera Ojeda, Roberto"]
[Black "Campins Barberia, Jon"]
[Result "1/2-1/2"]
[WhiteElo "1652"]
[BlackElo "1547"]
[PlyCount "59"]
[EventDate "2018.07.13"]
[EventType "swiss"]
[EventRounds "9"]
[EventCountry "ESP"]
[SourceTitle "Ajedrez en Madrid"]
[Source "lmi"]
[SourceDate "2018.07.13"]
[SourceVersion "1"]
[SourceVersionDate "2019.06.21"]
[SourceQuality "1"]

1. e4 e5 2. Nf3 Nc6 3. Bb5 a6 4. Ba4 Nf6 5. O-O Bc5 6. d3 b5 7. Bb3 h6 8. Be3
Bxe3 9. fxe3 d6 10. c3 O-O 11. Nbd2 Be6 12. Bc2 Ne7 13. d4 Ng6 14. Qe2 Nh7 15.
Ne1 c5 16. d5 Bd7 17. a4 c4 18. g3 Bh3 19. Ng2 Qd7 20. Rf2 Bg4 21. Qf1 Ng5 22.
Rf5 Bxf5 23. exf5 Ne7 24. h4 Nh7 25. Qf3 Nf6 26. g4 g5 27. Rf1 Kg7 28. hxg5
hxg5 29. Ne4 Nexd5 30. Nxg5 1/2-1/2

[Event "20. Obert Int. Sant Marti 2018 - B"]
[Site "Barcelona ESP"]
[Date "2018.07.17"]
[Round "5.61"]
[White "Domenche Redondo, Francesc"]
[Black "Bienvenido Kleque, Jose"]
[Result "1/2-1/2"]
[WhiteElo "1652"]
[BlackElo "1439"]
[PlyCount "40"]
[EventDate "2018.07.13"]
[EventType "swiss"]
[EventRounds "9"]
[EventCountry "ESP"]
[SourceTitle "Ajedrez en Madrid"]
[Source "lmi"]
[SourceDate "2018.07.13"]
[SourceVersion "1"]
[SourceVersionDate "2019.06.21"]
[SourceQuality "1"]

1. d4 d5 2. f4 c6 3. Nf3 Nf6 4. e3 g6 5. Bd3 Bg7 6. Nbd2 O-O 7. c3 Re8 8. O-O
Qc7 9. b3 Nbd7 10. Re1 Nb6 11. Bb2 Be6 12. Rc1 Rac8 13. Ne5 Nbd7 14. h3 Rcd8
15. Qf3 a6 16. g4 Nxe5 17. fxe5 Nd7 18. c4 dxc4 19. Bxc4 Bxc4 20. Nxc4 Rf8
1/2-1/2

[Event "20. Obert Int. Sant Marti 2018 - B"]
[Site "Barcelona ESP"]
[Date "2018.07.17"]
[Round "5.62"]
[White "Ferre Navarro, Joan"]
[Black "Juncosa Padros, Ernest"]
[Result "1-0"]
[WhiteElo "1629"]
[BlackElo "1212"]
[PlyCount "95"]
[EventDate "2018.07.13"]
[EventType "swiss"]
[EventRounds "9"]
[EventCountry "ESP"]
[SourceTitle "Ajedrez en Madrid"]
[Source "lmi"]
[SourceDate "2018.07.13"]
[SourceVersion "1"]
[SourceVersionDate "2019.06.21"]
[SourceQuality "1"]

1. d4 d5 2. Nf3 Nf6 3. Bf4 Bf5 4. Nbd2 e6 5. e3 c5 6. c3 Nc6 7. Be2 Qb6 8. Qb3
Qxb3 9. Nxb3 c4 10. Nbd2 Be7 11. Nh4 Be4 12. Nhf3 O-O 13. Nxe4 Nxe4 14. h3 Rac8
15. Ne5 Bd6 16. f3 Nf6 17. Nxc6 Rxc6 18. Bxd6 Rxd6 19. a4 a6 20. Kf2 b5 21.
axb5 axb5 22. Ra5 Rb8 23. Rha1 Rdd8 24. Bd1 g6 25. Ke2 Kg7 26. Ra7 Rf8 27. Re7
Rbe8 28. Rb7 Rb8 29. Raa7 Nh5 30. Kf2 Nf6 31. b3 Kg8 32. b4 Nh5 33. g4 Nf6 34.
Bc2 Kg7 35. Re7 Rbe8 36. Reb7 Rb8 37. e4 h5 38. g5 Nh7 39. h4 Kg8 40. exd5 exd5
41. Bxg6 Rxb7 42. Bxh7+ Kxh7 43. Rxb7 Kg6 44. Rxb5 Rd8 45. f4 f6 46. Rb6 Rf8
47. b5 Kf5 48. Rxf6+ 1-0

[Event "20. Obert Int. Sant Marti 2018 - B"]
[Site "Barcelona ESP"]
[Date "2018.07.17"]
[Round "5.63"]
[White "Pandey, Vedanshi"]
[Black "Siso Ribes, Genis Alfred"]
[Result "0-1"]
[WhiteElo "1075"]
[BlackElo "1626"]
[PlyCount "122"]
[EventDate "2018.07.13"]
[EventType "swiss"]
[EventRounds "9"]
[EventCountry "ESP"]
[SourceTitle "Ajedrez en Madrid"]
[Source "lmi"]
[SourceDate "2018.07.13"]
[SourceVersion "1"]
[SourceVersionDate "2019.06.21"]
[SourceQuality "1"]

1. e4 e5 2. Nf3 Nc6 3. Bc4 Bc5 4. O-O Nf6 5. d4 Bxd4 6. Nxd4 Nxd4 7. f4 d6 8.
fxe5 dxe5 9. Bg5 Qe7 10. c3 Nc6 11. Qf3 Qc5+ 12. Kh1 Qxc4 13. Bxf6 gxf6 14.
Qxf6 Rf8 15. Nd2 Qe6 16. Qh4 Bd7 17. Qxh7 O-O-O 18. Qh4 Rh8 19. Qf2 Qh6 20. Nf3
Bg4 21. h3 Bxf3 22. Qxf3 Rhf8 23. Qg4+ Kb8 24. Rf2 Qg6 25. Qh4 Rh8 26. Qf6 Qxf6
27. Rxf6 Rd2 28. Rxf7 Rxb2 29. a4 Rg8 30. g4 Kc8 31. Rd1 Rd8 32. Rxd8+ Kxd8 33.
g5 Ne7 34. h4 Ke8 35. Rf6 Rb6 36. Rf3 Ng6 37. h5 Nf4 38. h6 Kf7 39. Rg3 Kg6 40.
Rg4 Rd6 41. Kh2 Rd3 42. Rh4 Kxg5 43. h7 Ng6 44. h8=Q Nxh8 45. Rxh8 Rxc3 46.
Rg8+ Kf4 47. Rf8+ Kxe4 48. Rh8 Kd3 49. Rh7 e4 50. Rd7+ Ke2 51. Rg7 e3 52. Rg2+
Kd3 53. Rg1 e2 54. Kg2 Kd2 55. Kf2 Rc1 56. Rxc1 Kxc1 57. Kxe2 Kb2 58. Kd2 a6
59. Kd3 Kb3 60. a5 b6 61. axb6 cxb6 0-1